La Famiglia Paolina sul cammino di una parola di Dio. (Record n. 98504)

Dettagli MARC
000 -LEADER
fixed length control field 01756nam a22001817a 4500
003 - CONTROL NUMBER IDENTIFIER
control field IT-RoPau
005 - DATE AND TIME OF LATEST TRANSACTION
control field 20220918181105.0
008 - FIXED-LENGTH DATA ELEMENTS--GENERAL INFORMATION
fixed length control field 130509b xxu||||| |||| 00| 0 eng d
040 ## - CATALOGING SOURCE
Transcribing agency IT-RoPau
100 ## - MAIN ENTRY--PERSONAL NAME
Personal name Centro di Spiritualità Paolina
9 (RLIN) 518
245 ## - TITLE STATEMENT
Title La Famiglia Paolina sul cammino di una parola di Dio.
250 ## - EDITION STATEMENT
Edition statement 1° ed
260 ## - PUBLICATION, DISTRIBUTION, ETC. (IMPRINT)
Place of publication, distribution, etc. Ariccia (Roma)
Name of publisher, distributor, etc. Centro di Spiritualità Paolina - Casa Divino Maestro
Date of publication, distribution, etc. 1973
300 ## - PHYSICAL DESCRIPTION
Extent 128 pp.
Dimensions 28 cm
490 ## - SERIES STATEMENT
Series statement Punti di riferimento della nostra vita spirituale
Volume/sequential designation III° Vol - novembre 1973
520 ## - SUMMARY, ETC.
Summary, etc. Indice<br/><br/>Introduzione - "Via-verità-vita": inutile rompicapo o contenuto vocazionale della famiglia Paolina? - Fonti e Sigle<br/>Capitolo primo: - Giovanni XIV, 6 nel contesto dell'ultima cena<br/>secondo: - Lungo i tempi cristiani: appunti di riflessione sul Cristo via, verità e vita<br/>terzo: - Leone XIII: una proposta pastorale per il secolo ventesimo<br/>quarto: - L'inserimento di Don Alberione nella storia di Giovanni XIV, 6<br/>quinto: - Una visione globale partendo dal Crsito via, verità e vita<br/>sesto: - Una Famiglia religiosa a disposizione de Crsito via, verità e vita<br/>settimo: - Ricerca di un metodo<br/>ottavo: - Riflesso fondamentale del Cristo via, verità e vita: lo sviluppo integrale della persona umana<br/>nono: - "Il frutto del nostro apostolato è proporzionato a questo: presentare Gesù Cristo via, verità e vita"<br/>decimo: - "Maestro: senso dell' intercambio con via-verità-vita"<br/>decimo primo: - Maria: "ci diede tutto il Cristo, via, verità e vita"<br/>decimo secondo: - "Via-verità-vita: è spirito paolino?<br/>decimo terzo: - Questa spiritualità vale per la chiesa?<br/>Conclusione: -<br/>Appendice: - Studio sull'interpretazione di Giovanni XIV, 6, di don Mike Byrnes <br/><br/>
942 ## - ADDED ENTRY ELEMENTS (KOHA)
Source of classification or shelving scheme Dewey Decimal Classification
Koha item type RIVISTA
Dati di copia
Withdrawn status Lost status Source of classification or shelving scheme Damaged status Not for loan Home library Current library Date acquired Total Checkouts Full call number Date last seen Price effective from Koha item type
    Dewey Decimal Classification Buone Condizioni Not For Loan PAULUS-BIBLIOTECA PAULUS-BIBLIOTECA 09/05/2013   P C6 09/05/2013 09/05/2013 LIBRO
    Dewey Decimal Classification Buone Condizioni Not For Loan PAULUS-BIBLIOTECA PAULUS-BIBLIOTECA 09/05/2013   P C6 09/05/2013 09/05/2013 LIBRO
    Dewey Decimal Classification Buone Condizioni Not For Loan PAULUS-BIBLIOTECA PAULUS-BIBLIOTECA 09/05/2013   P C6 09/05/2013 09/05/2013 LIBRO
    Dewey Decimal Classification Buone Condizioni Not For Loan PAULUS-BIBLIOTECA PAULUS-BIBLIOTECA 09/05/2013   P C6 09/05/2013 09/05/2013 LIBRO
    Dewey Decimal Classification Buone Condizioni Not For Loan PAULUS-BIBLIOTECA PAULUS-BIBLIOTECA 09/05/2013   P C6 09/05/2013 09/05/2013 LIBRO
    Dewey Decimal Classification Buone Condizioni Not For Loan PAULUS-BIBLIOTECA PAULUS-BIBLIOTECA 09/05/2013   P C6 09/05/2013 09/05/2013 LIBRO
CREDITS: SOCIETA' SAN PAOLO Via A.Severo, 58 - ROMA (RM) & PERIODICI SAN PAOLO SRL Via Giotto, 36 MILANO & CISF Via Giotto, 36 MILANO & EDIZIONI SAN PAOLO SRL,  Piazza Soncino, 5 CINISELLO BALSAMO (MI) -- ITALY